00951nam a2200241 a 450000100100000000500170001000800410002702000150006804000250008308200150010810000280012324000440015124500980019524600490029326000330034230000200037549000320039550000770042770000360050483000390054095201130057999900170069200004215320201002035955.0131114s2001 sp 000 0 spa d a847577850X aDO-SdBNPbspacBNPHU axxxbF735t1 aForsyth, Patrick96914710a30 minutes-- before a presentationleng10a30 minutos antes de una presentación /cPatrick Forsyth ; traducción, Gabriel Zadunaisky.10aTreinta minutos antes de una presentación. aBarcelona :bGranica,c2001. a77 p. ;c18 cm.1 aAcción para el management aIncluye datos biográficos del autor en la solapa de la contracubierta.1 aZadunaisky, Gabrieletr.912546 0aAcción para el management969148 001050718MOaPDbPDcCTd2013-11-14iLF1l0oxxx F735tp42153-10r2020-06-25w2020-06-25y1ZNo se presta c41642d41642